000 00738cam a22002653a 4500
001 11620
003 PGUSA
005 20140828083239.0
008 040301s2004||||xxu|||||s|||||000 1 eng d
040 _aPGUSA
_beng
042 _adc
050 4 _aPR
100 1 _aFranklin, Miles,
_d1879-1954
245 1 0 _aMy Brilliant Career
_h[electronic resource] /
_cMiles Franklin
260 _bProject Gutenberg,
_c2004
506 _aPublic domain in the USA.
516 _aElectronic text
653 _aAustralia -- Fiction
653 _aAutobiographical fiction
653 _aBildungsromans
653 _aYoung women -- Fiction
830 0 _aProject Gutenberg
_v11620
856 4 0 _uhttp://www.gutenberg.org/ebooks/11620
942 _cEB
999 _c240875
_d240875